000 01005cam a22002771i 4500
001 gs 15000100
003 DLC
005 20260227111317.0
008 790911s1914 dcuf f001 0 eng
010 _ags 15000100
035 _a(OCoLC)5362013
040 _aDLC
_cICharE
_dDLC
042 _apremarc
043 _an-us-mi
045 _ax1x1
050 0 0 _aQE75
_b.B9 no. 559
100 1 _aMarshall, R. B.
_q(Robert Bradford),
_d1867-1949.
245 1 0 _aResults of spirit leveling in Michigan, 1911 and 1913 /
_cR.B. Marshall, chief geographer; work done in cooperation with the state of Michigan, through the Michigan Geological and Biological Survey, R.C. Allen, director.
260 _aWashington,
_bGovt. Print. Off.,
_c1914.
300 _a79 p. :
_bpl. ;
_c24 cm.
490 1 _aU.S. Geological survey. Bulletin 559
500 _aIncludes index.
651 0 _aMichigan
_xAltitudes.
710 1 _aMichigan.
_bGeological Survey.
810 1 _aUnited States.
_bGeological Survey.
_tBulletin ;
_v559.
999 _c25471
_d25471